| 000 | 00805nam a22002297a 4500 | ||
|---|---|---|---|
| 005 | 20121220145118.0 | ||
| 008 | 121220t xxu||||| |||| 00| 0 eng d | ||
| 010 | _aENG-106528 | ||
| 020 |
_a9788121211840 _c500.00 |
||
| 035 | _aEN-90061 | ||
| 037 | _bDBAD/PUB | ||
| 040 |
_aDPL _bEng |
||
| 082 | _a335 | ||
| 100 | 1 |
_954466 _aMorarka, Mahavirprasad R. |
|
| 245 | 1 | 0 |
_aSocialism : _cby Mahavirprasad R. Morarka _ba study / |
| 260 |
_aNew Delhi _bGyan Publishing House _c2013 |
||
| 270 |
_a23, Main Ansari Road, Daryaganj _bNew Delhi _e110002 |
||
| 300 |
_a266p. _c22cm(Hb) |
||
| 942 |
_2ddc _cEN _h335 _mMOR |
||
| 999 |
_c72378 _d72378 |
||